[Event "Eesti klubide mv"]
[Site "Tallinn"]
[Date "2021.07.18"]
[Round "4.35"]
[White "Vaino, Nikita"]
[Black "Shnurov, Daniil"]
[Result "0-1"]
[WhiteElo "1909"]
[BlackElo "1890"]
[PlyCount "76"]
[EventDate "2021.07.16"]
[EventCountry "EST"]
[SourceVersionDate "2021.11.19"]
[WhiteTeam "Narva Maletäht"]
[BlackTeam "Kohtla-Jarve Diagonaal"]

1. c4 Nf6 2. Nc3 g6 3. g3 Bg7 4. Bg2 O-O 5. f4 d6 6. Nf3 c5 7. O-O Nc6 8. d3 a6
9. e4 Rb8 10. Rb1 Nd4 11. Nxd4 cxd4 12. Nd5 Nxd5 13. cxd5 b5 14. b3 Bd7 15. Bb2
Rc8 16. Qd2 a5 17. Rfe1 e6 18. e5 dxe5 19. fxe5 exd5 20. Bxd4 b4 21. Qe3 Bf5
22. Bb6 d4 23. Bxd4 Rc2 24. Bb6 Bh6 25. Qxh6 Qxb6+ 26. Qe3 Qxe3+ 27. Rxe3 Rxa2
28. Bd5 Be6 29. Bc4 Rd8 30. h4 Bxc4 31. bxc4 Ra3 32. Kf2 Raxd3 33. Rxd3 Rxd3
34. Rc1 b3 35. c5 a4 36. c6 b2 37. Rb1 a3 38. c7 Rc3 0-1

[Event "Eesti klubide mv"]
[Site "Tallinn"]
[Date "2021.07.18"]
[Round "4.36"]
[White "Dusman, Aleksander"]
[Black "Nikitin, Arseni"]
[Result "0-1"]
[WhiteElo "2024"]
[BlackElo "1765"]
[PlyCount "60"]
[EventDate "2021.07.16"]
[EventCountry "EST"]
[SourceVersionDate "2021.11.19"]
[WhiteTeam "Kohtla-Jarve Diagonaal"]
[BlackTeam "Narva Maletäht"]

1. e4 c5 2. Nf3 d6 3. d4 cxd4 4. Nxd4 Nf6 5. Nc3 a6 6. f3 e5 7. Nb3 Be7 8. Be3
h5 9. Qd2 Be6 10. O-O-O Nbd7 11. g3 Rc8 12. Kb1 b5 13. a3 Nb6 14. f4 Nc4 15.
Bxc4 Rxc4 16. Qd3 Qa8 17. Nd2 Rc8 18. Bf2 Qb7 19. b4 O-O 20. h3 Rc7 21. Nb3
Rxc3 22. Qxc3 Nxe4 23. Qe3 exf4 24. gxf4 Rc8 25. Be1 Bf6 26. Rh2 Nc3+ 27. Bxc3
Rxc3 28. Qe1 Bxb3 29. cxb3 Rxb3+ 30. Ka2 Qf3 0-1

[Event "Eesti klubide mv"]
[Site "Tallinn"]
[Date "2021.07.18"]
[Round "5.1"]
[White "Volodin, Aleksander"]
[Black "Zjukin, Sergei"]
[Result "1/2-1/2"]
[WhiteElo "2444"]
[BlackElo "2297"]
[PlyCount "98"]
[EventDate "2021.07.16"]
[EventCountry "EST"]
[SourceVersionDate "2021.11.19"]
[WhiteTeam "Kohtla-Jarve Diagonaal"]
[BlackTeam "TTMKK"]

1. d4 Nf6 2. c4 g6 3. Nf3 Bg7 4. g3 c6 5. Bg2 O-O 6. b3 d5 7. Bb2 Ne4 8. O-O
Bf5 9. Nbd2 Qa5 10. a3 Nd7 11. Rc1 Bh6 12. e3 Nxd2 13. Nxd2 Nf6 14. Re1 Qd8 15.
h3 Bg7 16. Qe2 Ne4 17. Nf1 Qb6 18. f3 Nf6 19. Nd2 a5 20. Kh2 dxc4 21. Qxc4 Ne8
22. Red1 Bh6 23. f4 Nd6 24. Qe2 Bg7 25. a4 Be6 26. Qd3 Bd5 27. e4 Be6 28. Bc3
f5 29. e5 Ne4 30. Nxe4 fxe4 31. Bxe4 Qxb3 32. Rb1 Qxa4 33. Rxb7 Bd5 34. Bg2
Bxg2 35. Kxg2 Qa2+ 36. Rd2 Qd5+ 37. Qf3 Qc4 38. d5 cxd5 39. Qxd5+ Qxd5+ 40.
Rxd5 a4 41. Rxe7 Rfc8 42. Bd4 a3 43. Rdd7 Bf8 44. Rxh7 Rc4 45. Ba1 Rc2+ 46. Kf3
Rc1 47. e6 Rxa1 48. e7 Bxe7 49. Rhxe7 a2 1/2-1/2

[Event "Eesti klubide mv"]
[Site "Tallinn"]
[Date "2021.07.18"]
[Round "5.2"]
[White "Haavamäe, Henrik"]
[Black "Timoshin, Andrei"]
[Result "0-1"]
[WhiteElo "2198"]
[BlackElo "2176"]
[PlyCount "62"]
[EventDate "2021.07.16"]
[EventCountry "EST"]
[SourceVersionDate "2021.11.19"]
[WhiteTeam "TTMKK"]
[BlackTeam "Kohtla-Jarve Diagonaal"]

1. b3 e5 2. Bb2 Nc6 3. e3 Nf6 4. Nf3 e4 5. Nd4 Nxd4 6. Bxd4 Be7 7. d3 exd3 8.
Bxd3 d5 9. Nd2 O-O 10. O-O c5 11. Bb2 b6 12. Qe2 Bb7 13. Rad1 Qc7 14. e4 d4 15.
c3 dxc3 16. Bxc3 Rad8 17. f4 Rfe8 18. Bb2 Bc6 (18... c4 $1 19. bxc4 Bc5+ 20.
Kh1 Nh5 21. e5 Qc6 22. Bxh7+ Kh8 23. Qg4 $1 (23. Be4 Ng3+ 24. hxg3 Qh6+) 23...
Qxg2+ 24. Qxg2 Bxg2+ 25. Kxg2 Kxh7 26. f5 Bd4 $11) 19. Bb1 (19. e5 Nd5 20. Ne4
$16) 19... b5 20. e5 Nd5 21. Rf3 (21. Ne4) 21... h6 (21... Qd7 $1 22. Bxh7+ (
22. Ne4 Nxf4) 22... Kxh7 23. Rh3+ Qxh3 24. gxh3 Nxf4 25. Qf1 Ne6 $40) 22. Qe4
g6 23. Rg3 Bf8 (23... Bh4 $1 24. Rg4 (24. Rxg6+ fxg6 25. Qxg6+ Qg7 26. Qxc6
Nxf4) 24... Qd7 $1 25. Rxh4 Nc3 26. Bxc3 Bxe4 27. Bxe4 b4 28. Bb2 Qxd2 29. Rxd2
Rxd2 $19) 24. f5 Nc3 25. Qg4 Rd4 26. Qh5 Qxe5 27. Rxg6+ (27. Bxc3 Qxg3 28. hxg3
gxh5 29. Bxd4 cxd4 $17) 27... fxg6 28. Qxg6+ Qg7 29. Qxc6 Nxd1 30. Qxe8 Nxb2
31. Qe6+ Qf7 0-1

[Event "Eesti klubide mv"]
[Site "Tallinn"]
[Date "2021.07.18"]
[Round "5.3"]
[White "Golubenko, Valeri"]
[Black "Tuul, Tarmo"]
[Result "1-0"]
[WhiteElo "2285"]
[BlackElo "2113"]
[PlyCount "59"]
[EventDate "2021.07.16"]
[EventCountry "EST"]
[SourceVersionDate "2021.11.19"]
[WhiteTeam "Kohtla-Jarve Diagonaal"]
[BlackTeam "TTMKK"]

1. d4 Nf6 2. Bg5 e6 3. e3 h6 4. Bh4 c5 5. Nd2 Nc6 6. c3 b6 7. f4 Be7 8. Bd3 Nd5
9. Bxe7 Qxe7 10. Qf3 cxd4 11. exd4 Bb7 12. Ne2 d6 13. O-O Nf6 14. Bb5 Rc8 15.
Qg3 a6 16. Bd3 O-O 17. Rae1 b5 18. Qh3 Qc7 19. g4 Ne7 20. g5 Nh7 21. Ng3 g6 22.
Qxh6 Nf5 23. Nxf5 exf5 24. Re3 Qc6 25. Rg3 Rc7 26. Nf3 f6 27. Bxf5 gxf5 28.
gxf6+ Kf7 29. Re1 Rg8 30. Qxh7+ 1-0

[Event "Eesti klubide mv"]
[Site "Tallinn"]
[Date "2021.07.18"]
[Round "5.4"]
[White "Medar, Marti"]
[Black "Koop, Vjacheslav"]
[Result "1/2-1/2"]
[WhiteElo "2049"]
[BlackElo "2218"]
[PlyCount "56"]
[EventDate "2021.07.16"]
[EventCountry "EST"]
[SourceVersionDate "2021.11.19"]
[WhiteTeam "TTMKK"]
[BlackTeam "Kohtla-Jarve Diagonaal"]

1. d4 Nf6 2. Bf4 d5 3. Nc3 e6 4. e3 Bd6 5. Bg3 O-O 6. Nf3 a6 7. Bd3 c5 8. dxc5
Bxc5 9. Qe2 Nc6 10. a3 b5 11. e4 b4 12. axb4 Nxb4 13. e5 Nh5 14. Bh4 Nf4 15.
Bxd8 Nxe2 16. Nxe2 Rxd8 17. Nc1 a5 18. c3 Nxd3+ 19. Nxd3 Bb6 20. Nd4 Ba6 21.
Kd2 Rdc8 22. Rhb1 g6 23. b3 Kg7 24. Ra4 Rab8 25. f4 Rc7 26. g4 Rbc8 27. Rc1 Rb8
28. Rb1 Rbc8 1/2-1/2

[Event "Eesti klubide mv"]
[Site "Tallinn"]
[Date "2021.07.18"]
[Round "5.5"]
[White "Abozenko, Georg"]
[Black "Shnurov, Daniil"]
[Result "1/2-1/2"]
[WhiteElo "2134"]
[BlackElo "1890"]
[PlyCount "86"]
[EventDate "2021.07.16"]
[EventCountry "EST"]
[SourceVersionDate "2021.11.19"]
[WhiteTeam "TTMKK"]
[BlackTeam "Kohtla-Jarve Diagonaal"]

1. d4 Nf6 2. c4 c5 3. d5 e6 4. Nc3 exd5 5. cxd5 g6 6. e4 d6 7. Nf3 a6 8. a4 Bg7
9. Bd3 O-O 10. O-O Nbd7 11. Re1 Qc7 12. h3 c4 13. Bc2 Rb8 14. a5 b5 15. axb6
Rxb6 16. Ra2 Re8 17. Be3 Rb8 18. Nd4 Bb7 19. f3 Nc5 20. g4 Qb6 21. Kg2 Qd8 22.
Qd2 Nfd7 23. Na4 Qf6 24. Nxc5 Nxc5 25. Ne2 Nb3 26. Bxb3 cxb3 27. Bd4 Qh4 28.
Ra5 Bh6 29. Qd1 Rbc8 30. Bc3 Be3 31. Ng3 Bf4 32. Ne2 Be5 33. Ra1 f5 34. Qxb3
fxg4 35. fxg4 h5 36. Bxe5 hxg4 37. Qxb7 Qxh3+ 38. Kg1 Qe3+ 39. Kg2 dxe5 40. Qd7
Qh3+ 41. Kg1 Qe3+ 42. Kg2 Qf3+ 43. Kg1 Qe3+ 1/2-1/2

[Event "Eesti klubide mv"]
[Site "Tallinn"]
[Date "2021.07.18"]
[Round "5.6"]
[White "Truus, Tõnu"]
[Black "Dusman, Aleksander"]
[Result "1-0"]
[WhiteElo "2120"]
[BlackElo "2024"]
[PlyCount "72"]
[EventDate "2021.07.16"]
[EventCountry "EST"]
[SourceVersionDate "2021.11.19"]
[WhiteTeam "TTMKK"]
[BlackTeam "Kohtla-Jarve Diagonaal"]

1. d4 f5 2. g3 Nf6 3. Bg2 g6 4. c4 Bg7 5. Nc3 d6 6. Nh3 c6 7. d5 O-O 8. Nf4 Bd7
9. h4 Na6 10. Rb1 Nc5 11. h5 g5 12. h6 Bh8 13. Nh3 g4 14. Nf4 Re8 15. Qc2 Qc8
16. b4 Na6 17. Qd3 e5 18. dxe6 Bxe6 19. Be3 Bf7 20. Bd4 Nc7 21. Nd1 Ne6 22.
Nxe6 Qxe6 23. Ne3 Bg6 24. Qd1 f4 25. gxf4 Bxb1 26. Qxb1 g3 27. Qf5 gxf2+ 28.
Kxf2 Qxf5 29. Nxf5 Ng4+ 30. Kf3 Bxd4 31. Nxd4 Nf6 32. Bh3 Kh8 33. Ne6 Re7 34.
f5 Ng8 35. Bg4 Nf6 36. Bh3 Ng8 1-0

[Event "Eesti klubide mv"]
[Site "Tallinn"]
[Date "2021.07.18"]
[Round "5.11"]
[White "Jezov, Roman"]
[Black "Andrijashkin, Deniss"]
[Result "1-0"]
[WhiteElo "2318"]
[BlackElo "2137"]
[PlyCount "41"]
[EventDate "2021.07.16"]
[EventCountry "EST"]
[SourceVersionDate "2021.11.19"]
[WhiteTeam "Kadrioru MK"]
[BlackTeam "Narva Maletäht"]

1. e4 e6 2. b3 d5 3. Bb2 Nf6 4. e5 Nfd7 5. Qh5 c5 6. f4 g6 7. Qh3 Nc6 8. Nf3
Qc7 9. Be2 a6 10. a4 Rb8 11. Na3 Bg7 12. O-O b6 13. Rae1 Bb7 14. d4 Nxd4 15.
Nxd4 cxd4 16. Nb1 O-O 17. Ba3 Nc5 18. Nd2 Rfc8 19. Nf3 Qd7 20. Nxd4 Ne4 21. Bd3
1-0

[Event "Eesti klubide mv"]
[Site "Tallinn"]
[Date "2021.07.18"]
[Round "5.12"]
[White "Aga, Rihard"]
[Black "Petrov, Dmitri"]
[Result "0-1"]
[WhiteElo "2021"]
[BlackElo "2251"]
[PlyCount "108"]
[EventDate "2021.07.16"]
[EventCountry "EST"]
[SourceVersionDate "2021.11.19"]
[WhiteTeam "Narva Maletäht"]
[BlackTeam "Kadrioru MK"]

1. d4 d5 2. c4 c6 3. Nc3 Nf6 4. Nf3 a6 5. a4 Bf5 6. Qb3 Ra7 7. Bf4 e6 8. c5 Be7
9. h3 h6 10. e3 O-O 11. Qd1 b6 12. Bxb8 Qxb8 13. b4 bxc5 14. bxc5 Bd8 15. Nd2
Ba5 16. Ra3 Qb2 17. Rb3 Rb8 18. Rxb2 Rxb2 19. Qc1 Rc2 20. Qb1 Bxc3 21. Qb8+ Kh7
22. Qxa7 Rxd2 23. Bxa6 Ra2+ 24. Kf1 Ra1+ 25. Ke2 Rxh1 26. Qxf7 Ra1 27. Kf3 Ra2
28. Kf4 Rxf2+ 29. Ke5 Bd2 30. g4 Bg6 31. Qxe6 Bxe3 32. Kd6 Bxd4 33. Kxc6 Rc2
34. Kb7 Bxc5 35. h4 Rg2 36. Be2 Be4 37. g5 d4+ 38. Kb8 hxg5 39. hxg5 Rxg5 40.
Qh3+ Kg6 41. Bd3 Bd6+ 42. Ka7 Bxd3 43. Qxd3+ Kf7 44. Kb6 Ke7 45. Qe2+ Re5 46.
Qc4 g5 47. Kb7 Rd5 48. a5 d3 49. a6 d2 50. Qe2+ Kd7 51. Qd1 Rb5+ 52. Ka7 Kc7
53. Qxd2 Bc5+ 54. Ka8 Rb8# 0-1

[Event "Eesti klubide mv"]
[Site "Tallinn"]
[Date "2021.07.18"]
[Round "5.13"]
[White "Ivanov, Platon-Jaan"]
[Black "Blohhin, Sofia"]
[Result "1/2-1/2"]
[WhiteElo "2188"]
[BlackElo "1976"]
[PlyCount "105"]
[EventDate "2021.07.16"]
[EventCountry "EST"]
[SourceVersionDate "2021.11.19"]
[WhiteTeam "Kadrioru MK"]
[BlackTeam "Narva Maletäht"]

1. d4 f5 2. g3 e6 3. c4 Nf6 4. Bg2 Be7 5. Nh3 O-O 6. O-O d5 7. Qc2 c6 8. Nd2
Na6 9. Nf3 Nb4 10. Qb3 dxc4 11. Qxc4 Nbd5 12. Ne5 Ne8 13. Rd1 Nd6 14. Qb3 Qe8
15. Nf4 g5 16. Nfd3 Qh5 17. Bf3 Qh3 18. Nc5 Nf7 19. Nxf7 Rxf7 20. e4 fxe4 21.
Nxe4 Qf5 22. Bg2 b6 23. Qc2 Bb7 24. Qd2 h6 25. b3 Raf8 26. Bb2 Ba6 27. Rac1 Bb7
28. Qe2 Nb4 29. a3 Ba6 30. Qe3 Nd5 31. Qd2 Bb7 32. Re1 Qg6 33. Rc2 g4 34. Bc1
Kg7 35. Bb2 Kg8 36. Qd1 h5 37. Nc3 Bg5 38. h3 gxh3 39. Bxh3 Bc8 40. Ne4 Be7 41.
Bc1 Bd7 42. Kh2 Bd8 43. Qd2 Rf3 44. Qh6 Qxh6 45. Bxh6 R8f7 46. Kg2 Rxb3 47. Nd6
Rh7 48. Bxe6+ Bxe6 49. Rxe6 Re7 50. Rxe7 Bxe7 51. Nc8 Bxa3 52. Nxa7 c5 53. Nc6
1/2-1/2

[Event "Eesti klubide mv"]
[Site "Tallinn"]
[Date "2021.07.18"]
[Round "5.14"]
[White "Sadekov, Maksim"]
[Black "Neff, Sergei"]
[Result "0-1"]
[WhiteElo "1912"]
[BlackElo "2198"]
[PlyCount "87"]
[EventDate "2021.07.16"]
[EventCountry "EST"]
[SourceVersionDate "2021.11.19"]
[WhiteTeam "Narva Maletäht"]
[BlackTeam "Kadrioru MK"]

1. d4 b6 2. c4 Bb7 3. Nc3 e6 4. Nf3 Bb4 5. e3 Nf6 6. Bd3 Bxc3+ 7. bxc3 d6 8.
Qe2 Nbd7 9. e4 e5 10. O-O h6 11. a4 O-O 12. Nh4 exd4 13. cxd4 Re8 14. d5 Nxe4
15. Nf5 Ndc5 16. Bb2 Nf6 17. Qd2 Nxd3 18. Qxd3 Bc8 19. Nxg7 Kxg7 20. Rae1 Rg8
21. Re3 Kf8 22. Rf3 Rg6 23. Rxf6 Rxf6 24. Qh7 Rg6 25. Re1 Qg5 26. g3 Bf5 27. f4
Qxg3+ 28. hxg3 Rxg3+ 29. Kf2 Bxh7 30. Kxg3 Bd3 31. Bf6 a5 32. Kh4 Rc8 33. Kh5
Bxc4 34. Kxh6 Bxd5 35. Kh7 Be6 36. Bg7+ Ke7 37. f5 Kd7 38. fxe6+ fxe6 39. Kg6
e5 40. Kf7 Rb8 41. Rd1 Re8 42. Rc1 Re7+ 43. Kf6 Ke8 44. Kf5 0-1

[Event "Eesti klubide mv"]
[Site "Tallinn"]
[Date "2021.07.18"]
[Round "5.15"]
[White "Rauk, Tõnu"]
[Black "Vaino, Nikita"]
[Result "1-0"]
[WhiteElo "2125"]
[BlackElo "1909"]
[PlyCount "91"]
[EventDate "2021.07.16"]
[EventCountry "EST"]
[SourceVersionDate "2021.11.19"]
[WhiteTeam "Kadrioru MK"]
[BlackTeam "Narva Maletäht"]

1. d4 d5 2. c4 e6 3. Nf3 Nf6 4. g3 Be7 5. Bg2 O-O 6. O-O c5 7. cxd5 Nxd5 8. e4
Nf6 9. Nc3 Nc6 10. dxc5 Bxc5 11. Bf4 Qa5 12. a3 Rd8 13. Qe2 Nd4 14. Nxd4 Bxd4
15. Nb5 e5 16. Bd2 Qb6 17. Nxd4 exd4 18. Qd3 Be6 19. Bg5 Qxb2 20. e5 h6 21. Bd2
Rac8 22. exf6 Bc4 23. Rab1 Bxd3 24. Rxb2 Bxf1 25. Kxf1 d3 26. Be4 Rc2 27. Rxc2
dxc2 28. Ke2 gxf6 29. Bxc2 Kg7 30. a4 b6 31. Bc3 Rd5 32. Ke3 b5 33. Be4 Rh5 34.
Bf3 Rf5 35. g4 Rc5 36. Bd4 Rc4 37. axb5 Ra4 38. Bb7 Rc4 39. Ba6 Rc7 40. h4 Re7+
41. Kf4 Rd7 42. Ke4 Kg6 43. Bc8 Re7+ 44. Kd5 Rc7 45. Bf5+ Kg7 46. Kd6 1-0

[Event "Eesti klubide mv"]
[Site "Tallinn"]
[Date "2021.07.18"]
[Round "5.16"]
[White "Nikitin, Arseni"]
[Black "Tarakanov, Oleg"]
[Result "1/2-1/2"]
[WhiteElo "1765"]
[BlackElo "2127"]
[PlyCount "34"]
[EventDate "2021.07.16"]
[EventCountry "EST"]
[SourceVersionDate "2021.11.19"]
[WhiteTeam "Narva Maletäht"]
[BlackTeam "Kadrioru MK"]

1. e4 e5 2. Nf3 Nc6 3. Bc4 Nf6 4. d3 h6 5. O-O d6 6. h3 Na5 7. Nc3 c6 8. Bxf7+
Kxf7 9. b4 g5 10. bxa5 g4 11. Nh2 gxh3 12. g3 Rg8 13. d4 Qxa5 14. Qd3 exd4 15.
Qxd4 Qe5 16. Qd3 Be6 17. Rb1 b5 1/2-1/2

[Event "Eesti klubide mv"]
[Site "Tallinn"]
[Date "2021.07.18"]
[Round "5.21"]
[White "Pedmanson, Albert"]
[Black "Pedoson, Georg"]
[Result "1/2-1/2"]
[WhiteElo "1945"]
[BlackElo "2231"]
[PlyCount "65"]
[EventDate "2021.07.16"]
[EventCountry "EST"]
[SourceVersionDate "2021.11.19"]
[WhiteTeam "Tartu Kalev"]
[BlackTeam "Kaksikodad MK"]

1. e4 c5 2. c3 d5 3. exd5 Qxd5 4. d4 Nc6 5. Nf3 Bg4 6. Be2 e6 7. h3 Bh5 8. O-O
Nf6 9. Be3 cxd4 10. Nxd4 Bxe2 11. Qxe2 Nxd4 12. Bxd4 Be7 13. Nd2 O-O 14. Rfd1
Qc6 15. Nf3 Nd5 16. c4 Nf6 17. Rac1 b6 18. a3 a5 19. Ne5 Qc7 20. Ng4 Nd7 21. b4
Rfe8 22. c5 bxc5 23. bxc5 e5 24. Be3 Nb8 25. Qf3 Nc6 26. Qg3 Kh8 27. Rd5 f6 28.
Rcd1 Rad8 29. Qf3 Nd4 30. Bxd4 exd4 31. c6 Rxd5 32. Qxd5 Bxa3 33. Qd7 1/2-1/2

[Event "Eesti klubide mv"]
[Site "Tallinn"]
[Date "2021.07.18"]
[Round "5.22"]
[White "Raag, Ardi"]
[Black "Sirp, Karl Aleksander"]
[Result "1/2-1/2"]
[WhiteElo "1955"]
[BlackElo "1971"]
[PlyCount "54"]
[EventDate "2021.07.16"]
[EventCountry "EST"]
[SourceVersionDate "2021.11.19"]
[WhiteTeam "Kaksikodad MK"]
[BlackTeam "Tartu Kalev"]

1. e4 d5 2. exd5 Qxd5 3. Nc3 Qa5 4. d4 c6 5. Bc4 Nf6 6. Nge2 Bf5 7. O-O e6 8.
Ng3 Bg6 9. Qe2 Be7 10. f4 Qd8 11. f5 Bxf5 12. Nxf5 exf5 13. Rxf5 O-O 14. Be3
Nbd7 15. Rd1 Nb6 16. Bb3 Qd7 17. Qf3 Rad8 18. d5 Qc7 19. Bf4 Qc8 20. Bg5 Nbxd5
21. Nxd5 cxd5 22. c3 Qe6 23. Bxf6 Bxf6 24. Rfxd5 Rxd5 25. Bxd5 Qb6+ 26. Qf2
Qxf2+ 27. Kxf2 Rd8 1/2-1/2

[Event "Eesti klubide mv"]
[Site "Tallinn"]
[Date "2021.07.18"]
[Round "5.23"]
[White "Pedmanson, Herman"]
[Black "Orgse, Karl Kristofer"]
[Result "1-0"]
[WhiteElo "2023"]
[BlackElo "1857"]
[PlyCount "117"]
[EventDate "2021.07.16"]
[EventCountry "EST"]
[SourceVersionDate "2021.11.19"]
[WhiteTeam "Tartu Kalev"]
[BlackTeam "Kaksikodad MK"]

1. b3 e5 2. Bb2 f6 3. e3 d5 4. d4 e4 5. c4 c6 6. Nc3 Bb4 7. a3 Bxc3+ 8. Bxc3
Ne7 9. Ne2 Bg4 10. h3 Bh5 11. Qc2 Nd7 12. Nf4 Bf7 13. h4 f5 14. Be2 Nf6 15. c5
Ng6 16. Nxg6 Bxg6 17. O-O-O Bh5 18. f3 Qc7 19. Rdg1 Qe7 20. Bd2 O-O 21. Bd1
Rae8 22. g4 fxg4 23. fxg4 Bf7 24. Be1 b6 25. b4 bxc5 26. bxc5 Be6 27. g5 Nd7
28. Bg3 Qd8 29. Bd6 Rf7 30. h5 Qa5 31. a4 Qb4 32. g6 Qa3+ 33. Kb1 Rf6 34. Qb3
Qxb3+ 35. Bxb3 hxg6 36. hxg6 Bf5 37. Bd1 Bxg6 38. Be2 Bf5 39. Ba6 Nf8 40. Kc1
Bc8 41. Be2 Rf2 42. Kd1 Re6 43. Ke1 Rf7 44. Bg4 Re8 45. Bh5 g6 46. Bxg6 Nxg6
47. Rxg6+ Rg7 48. Rgh6 Bf5 49. Be5 Rg2 50. Kf1 Rg4 51. Rxc6 Bd7 52. Rh8+ Kf7
53. Rf6+ Ke7 54. Rh7+ Kd8 55. Rd6 Rf8+ 56. Bf4 Rfg8 57. Rdxd7+ Ke8 58. Rhe7+
Kf8 59. Bh6+ 1-0

[Event "Eesti klubide mv"]
[Site "Tallinn"]
[Date "2021.07.18"]
[Round "5.24"]
[White "Kull, Tormi"]
[Black "Tomson, Mihkel"]
[Result "1-0"]
[WhiteElo "1864"]
[BlackElo "1964"]
[PlyCount "85"]
[EventDate "2021.07.16"]
[EventCountry "EST"]
[SourceVersionDate "2021.11.19"]
[WhiteTeam "Kaksikodad MK"]
[BlackTeam "Tartu Kalev"]

1. e4 g6 2. d4 Bg7 3. Nc3 c5 4. Be3 Qa5 5. Qd2 Nf6 6. f3 cxd4 7. Bxd4 Nc6 8.
Be3 d6 9. Bc4 Bd7 10. Nge2 Rc8 11. Bb3 b5 12. Nd4 a6 13. a4 Ne5 14. Qc1 b4 15.
Nce2 Nd3+ 16. cxd3 Rxc1+ 17. Rxc1 O-O 18. O-O Rc8 19. Rxc8+ Bxc8 20. Nc6 Qc7
21. Rc1 Be6 22. Bxe6 fxe6 23. a5 Ne8 24. Bb6 Qd7 25. d4 e5 26. d5 e6 27. dxe6
Qxe6 28. Nxb4 Qb3 29. Nd5 Qxb2 30. Kf1 Bh6 31. Rc8 Kf7 32. Kf2 Qb1 33. Nec3
Qc2+ 34. Kg3 Bd2 35. Kh3 Qc1 36. Rc6 Be1 37. Be3 Qb2 38. Rb6 Qa1 39. Rb7+ Kg8
40. Ne7+ Kf8 41. Bh6+ Ng7 42. Ncd5 Qa2 43. Nc6 1-0

[Event "Eesti klubide mv"]
[Site "Tallinn"]
[Date "2021.07.18"]
[Round "5.25"]
[White "Raide, Sivert"]
[Black "Lainevool, Mirko"]
[Result "0-1"]
[WhiteElo "1718"]
[BlackElo "1554"]
[PlyCount "86"]
[EventDate "2021.07.16"]
[EventCountry "EST"]
[SourceVersionDate "2021.11.19"]
[WhiteTeam "Tartu Kalev"]
[BlackTeam "Kaksikodad MK"]

1. b3 e5 2. e3 d5 3. Bb2 Bd6 4. f4 exf4 5. Bb5+ c6 6. Bxg7 cxb5 7. Bxh8 Qh4+ 8.
Kf1 f6 9. Nf3 Qh6 10. Nc3 Bd7 11. Nxd5 Bc6 12. Nxf4 Bxf4 13. exf4 Qxf4 14. Qe2+
Kf7 15. Qd3 Be4 16. Qe3 Qf5 17. Re1 Bc6 18. Kg1 Nd7 19. Nd4 Qd5 20. Nxc6 bxc6
21. Qg3 Ne5 22. h3 Ng6 23. Qc7+ N8e7 24. Bg7 Qc5+ 25. Kh2 Kxg7 26. b4 Qxb4 27.
Rhf1 Ne5 28. Rxe5 fxe5 29. Qxe5+ Kh6 30. Rf4 Ng6 31. Rf6 Rf8 32. Qe3+ Kg7 33.
Rxf8 Qxf8 34. Qxa7+ Qf7 35. Qd4+ Kh6 36. Qc3 Qf4+ 37. Kg1 Qe4 38. g3 Ne5 39. d3
Qe3+ 40. Kg2 Qf3+ 41. Kh2 Qf2+ 42. Kh1 Qf1+ 43. Kh2 Nf3# 0-1

[Event "Eesti klubide mv"]
[Site "Tallinn"]
[Date "2021.07.18"]
[Round "5.26"]
[White "Kõlar, Karl Ustav"]
[Black "Lehes, Erik Johannes"]
[Result "0-1"]
[WhiteElo "1646"]
[BlackElo "1453"]
[PlyCount "86"]
[EventDate "2021.07.16"]
[EventCountry "EST"]
[SourceVersionDate "2021.11.19"]
[WhiteTeam "Kaksikodad MK"]
[BlackTeam "Tartu Kalev"]

1. e4 c6 2. d4 d5 3. e5 Bf5 4. h4 h6 5. g4 Bd7 6. f4 e6 7. Nf3 c5 8. c3 Nc6 9.
a3 a5 10. Be3 c4 11. Qc2 Nge7 12. Nbd2 a4 13. Bh3 Qc8 14. Ke2 Na5 15. Raf1 Nb3
16. h5 Qc7 17. f5 O-O-O 18. f6 gxf6 19. exf6 Nc6 20. Bg2 e5 21. dxe5 Nxe5 22.
Nxe5 Qxe5 23. Nf3 Bxg4 24. Bh3 Qxh5 25. Bxg4+ Qxg4 26. Rfg1 Qe6 27. Rh5 Bc5 28.
Re5 Qxf6 29. Rd1 Rhe8 30. Rdxd5 Rxe5 31. Rxe5 Rd3 32. Qb1 Qg6 33. Bxc5 Re3+ 34.
Kxe3 Qxb1 35. Re8+ Kc7 36. Re7+ Kc6 37. Bb4 Qd3+ 38. Kf4 Kb6 39. Ne5 Qf1+ 40.
Ke4 Nd2+ 41. Kd5 Qg2+ 42. Kd6 Ne4+ 43. Kd7 Nf6+ 0-1